Score 0/24 Timer 03:00
0 Plays Today
Hint Answer % Correct
Red ______ Chili PeppersHot
98.6%
Guns N' ______Roses
97.9%
Beastie ______Boys
97.3%
Foo ______Fighters
96.8%
Pearl ______Jam
95.3%
Nine Inch ______Nails
94.1%
The Smashing ______Pumpkins
93.2%
Rage Against the ______Machine
91.3%
Third ______ BlindEye
87.7%
Alice in ______Chains
86.1%
Kriss ______Kross
80.6%
No ______Doubt
76.9%
Hint Answer % Correct
Stone ______ PilotsTemple
76.1%
Savage ______Garden
73.5%
The Flaming ______Lips
67.6%
Sonic ______Youth
65.2%
______ ClanWu-Tang
63.1%
A Tribe Called ______Quest
56.5%
______ Lady PeaceOur
55.2%
______ Kid JoeUgly
53.8%
______ GirlsIndigo
52.6%
Soul ______Asylum
52.1%
Manic ______ PreachersStreet
41.5%
The ______ PipeVerve
39.1%

Today's Daily Dose

Remove Ads.
Support Sporcle.
Get the best of Sporcle when you Go Orange. This ad-free experience offers more features, more stats, and more fun while also helping to support Sporcle. Thank you for becoming a member.

You're not logged in!

Compare scores with friends on all Sporcle quizzes.
OR
Log In

Show Comments

Extras

Top Quizzes Today


Score Distribution

Your Account Isn't Verified!

In order to create a playlist on Sporcle, you need to verify the email address you used during registration. Go to your Sporcle Settings to finish the process.

Report this User

Report this user for behavior that violates our Community Guidelines.

Details: